00732 2200253 4500001002100000005001700021008004100038020001800079035002400097040001200121082001000133090001700143100002200160245011500182250001100297260003000308300003000338650002500368700001900393700001700412850001200429990002000441990001700461YOGYA-0112000000079620120125171128.0 ind  a979-9146-42-3 0010-011200000000796 aYOPDYOG a910.2 a910.2bSug P aSUGIANTORO, Ronny aPariwisatabantara obsesi dan realitacRonny Sugiantoro ; penyunting, Sjamsu Dradjad ; ilustrasi, Edhi Arianto aCet. 1 aYogyakartabAdicitac2000 axvi, 155 hlmbilusc21 cm aPariwisata, Industri aDrajad, Syamsu aEdhi Arianto aYOPDYOG a6446-PD/A.05b1 a6448-PD/A.05